MARC

LEADER 00000nam0a2200000 4500
001 90802
005 20231031103725.0
010 |a 5469006328 
035 |a (RuTPU)RU\TPU\book\97361 
035 |a RU\TPU\book\57096 
090 |a 90802 
100 |a 20060215d2005 m y0rusy50 ca 
101 0 |a rus 
102 |a RU 
105 |a a j 001zy 
200 1 |a Паскаль и Дельфи  |f В. Б. Попов 
210 |a СПб.  |c Питер  |d 2005 
215 |a 576 с.  |c ил. 
225 1 |a Учебный курс 
320 |a Литература: с. 571-572. 
320 |a Алфавитный указатель: с. 573-575. 
610 1 |a языки программирования 
610 1 |a Паскаль 
610 1 |a объектно-ориентированное программирование 
610 1 |a собственные приложения 
610 1 |a интегрированные среды 
610 1 |a Delphi 
610 1 |a учебные пособия 
675 |a 681.3.06:800.92(07)  |v 3 
700 1 |a Попов  |b В. Б.  |g Владимир Борисович 
801 1 |a RU  |b 63413507  |c 20030808  |g PSBO 
801 2 |a RU  |b 63413507  |c 20031002  |g PSBO 
801 2 |a RU  |b 63413507  |c 20210611  |g PSBO 
942 |c BK 
959 |a 28/20060512  |d 2  |e 204,93  |f АНЛ:2 
959 |a 60/20060705  |d 1  |e 171,00  |f АНЛ:1